000
00347 a2200157 4500
001
154713
040
_c
Escola São Tomás de Aquino
100
_a
MOTA, Carlos Guilherme
240
1
0
_a
Revolução Francesa
_l
por
245
1
0
_a
Revolução Francesa
300
_a
39
362
0
_a
2014
440
1
_a
Ática
697
_a
HISTÓRIA
942
_c
BK
999
_c
154713
_d
154713